Capitales plus près de Stockholm - Statistiques

Statistiques générales
  • Ce quiz a été pris 60 fois
  • Le résultat moyen est 9 sur 10
Statistiques - réponses
Km Réponse Mi % Correct
520 Copenhague 325
98%
415 Oslo 260
98%
395 Helsinki 245
96%
810 Berlin 505
91%
810 Varsovie 505
89%
445 Riga 275
86%
380 Tallinn 235
84%
675 Vilnius 420
81%
835 Minsk 520
77%
1055 Prague 655
77%
Aucun quiz correspondant
Distribution des résultats
% des personnes avec chaque résultat
Percentile par nombre de réponses
Votre historique - résultats
Vous n’avez pas pris ce quiz